The Legacy of Latin American land reform /
Uloženo v:
| Hlavní autor: | |
|---|---|
| Médium: | Text |
| Tagy: |
Přidat tag
Žádné tagy, Buďte první, kdo vytvoří štítek k tomuto záznamu!
|
MARC
| LEADER | 00000 a a2200000 04500 | ||
|---|---|---|---|
| 001 | 10028 | ||
| 003 | |||
| 040 | |||
| 100 | |a Barranclough, Solon L. | ||
| 245 | |a The Legacy of Latin American land reform / |c Solon L. Barranclough | ||
| 773 | |g volumen 38, número 3; páginas 16-21 | ||
| 999 | |c 27774 |d 27774 | ||
